Logo BPK

Biblioteka

Politechniki Koszalińskiej

Słownik naukowo-techniczny angielsko-polski / (Rekord nr 38936)

Szczegóły MARC
000 -ETYKIETA REKORDU
podpole kontrolne o stałej długości 00758nam a2200241 i 4500
001 - NUMER KONTROLNY REKORDU
pole kontrolne bg
020 ## - MIĘDZYNARODOWY ZNORMALIZOWANY NUMER KSIĄŻKI - ISBN
ISBN 8320424453
040 ## - ŹRÓDŁO KATALOGOWANIA
Instytucja, która utworzyła rekord BPK
041 1# - KOD JĘZYKA
Kod języka tekstu plen
080 ## - UNIWERSALNA KLASYFIKACJA DZIESIĘTNA - UKD
UKD 62(038)=111=162.1
920 ## - Międzynarodowy znormalizowany numer książki – ISBN
ISBN 83-204-2445-3
008 - POLE O STAŁEJ DŁUGOŚCI - DANE KONTROLNE
podpole kontrolne o stałej długości s pl f |000 0 pol
245 00 - TYTUŁ/ODPOWIEDZIALNOŚĆ
Tytuł Słownik naukowo-techniczny angielsko-polski /
Pozostałe elementy strefy tytułu i oznaczenia odpowiedzialności red. Maria M. Berger [et.al.].
246 11 - WARIANT TYTUŁU
Tytuł English-Polish dictionary of science and technology
260 ## - STREFA ADRESU WYDAWNICZEGO
Miejsce wydania Warszawa :
Nazwa wydawcy/dystrybutora Wydawnictwa Naukowo-Techniczne,
Data publikacji, dystrybucji/powstania dokumentu 2001.
300 ## - STREFA OPISU FIZYCZNEGO
Objętość X, 1291 s. ;
Rozmiary 25 cm.
500 ## - UWAGI OGÓLNE
Tekst uwagi Tyt. równol. : English-Polish dictionary of science and technology.
650 #9 - HASŁO PRZEDMIOTOWE W FORMIE NAZWY OGÓLNEJ LUB JEDNOSTKOWEJ
Nazwa ogólna lub geograficzna Słownik angielsko-polski
650 #9 - HASŁO PRZEDMIOTOWE W FORMIE NAZWY OGÓLNEJ LUB JEDNOSTKOWEJ
Nazwa ogólna lub geograficzna Technika
655 ## - TERMIN INDEKSOWY - OKREŚLENIE RODZAJU/FORMY DOKUMENTU
Określenie rodzaju/formy dokumentu Słowniki
700 1# - HASŁO DODATKOWE - NAZWA OSOBOWA
Nazwa osobowa BERGER, Maria M.
Określenie związku między hasłem a opisywanym materiałem Red.
856 ## - LOKALIZACJA I DOSTĘP DO ELEKTRONICZNYCH DOKUMENTÓW ZDALNYCH
Link (URL) http://koha.tu.koszalin.pl/cgi-bin/koha/opac-detail.pl?biblionumber=38936
Tekst linku Katalog online BPK
942 ## - DODATKOWE ELEMENTY (KOHA)
Typ dokumentu Książka
Egzemplarze
Wycofany Status egzemplarza Uszkodzony Dostępność Lokalizacja stała Lokalizacja bieżąca Miejsce przechowywania Sygnatura Kod kreskowy Typ dokumentu Uwaga przeznaczona na użytek publiczny Dział
      Tylko na miejscu Biblioteka Politechniki Koszalińskiej Biblioteka Politechniki Koszalińskiej Zbiory Wewnętrzne 57427 01549836 Książka D22  
      Tylko na miejscu Biblioteka Politechniki Koszalińskiej Biblioteka Politechniki Koszalińskiej Czytelnia BG 57428 01549829 Książka   62 Inżynieria. Technika w ogólności
© 2023 Biblioteka Politechniki Koszalińskiej :: KOHA